Utah Jazz Leaders of the Last 10 Years - Statistics

General Stats
  • This quiz has been taken 153 times
    6 since last reset
  • The average score is 39 of 50
Answer Stats
Stat # Player % Correct
Points 8234 Donovan Mitchell
100%
Rebounds 1433 Donovan Mitchell
100%
Assists 1542 Donovan Mitchell
100%
Steals 445 Donovan Mitchell
100%
Blocks 99 Donovan Mitchell
100%
Points 3179 Gordon Hayward
100%
Assists 548 Gordon Hayward
100%
Steals 168 Gordon Hayward
100%
Points 3861 Lauri Markkanen
100%
Rebounds 1297 Lauri Markkanen
100%
Blocks 81 Lauri Markkanen
100%
Points 2949 Mike Conley
100%
Assists 1228 Mike Conley
100%
Steals 246 Mike Conley
100%
Points 6802 Rudy Gobert
100%
Rebounds 6189 Rudy Gobert
100%
Assists 691 Rudy Gobert
100%
Steals 340 Rudy Gobert
100%
Blocks 1127 Rudy Gobert
100%
Rebounds 1808 Walker Kessler
100%
Blocks 465 Walker Kessler
100%
Points 3702 Derrick Favors
80%
Rebounds 2296 Derrick Favors
80%
Steals 261 Derrick Favors
80%
Blocks 387 Derrick Favors
80%
Points 4698 Joe Ingles
80%
Rebounds 1739 Joe Ingles
80%
Assists 2031 Joe Ingles
80%
Steals 472 Joe Ingles
80%
Points 5985 Jordan Clarkson
80%
Rebounds 1217 Jordan Clarkson
80%
Assists 1113 Jordan Clarkson
80%
Steals 255 Jordan Clarkson
80%
Assists 709 Keyonte George
80%
Points 3748 Bojan Bogdanovic
60%
Rebounds 836 Bojan Bogdanovic
60%
Points 3302 Collin Sexton
60%
Assists 785 Collin Sexton
60%
Assists 826 Ricky Rubio
60%
Steals 212 Ricky Rubio
60%
Rebounds 1763 Royce O’Neale
60%
Assists 771 Royce O’Neale
60%
Steals 292 Royce O’Neale
60%
Blocks 136 Royce O’Neale
60%
Blocks 105 Ekpe Udoh
40%
Blocks 103 Hassan Whiteside
40%
Rebounds 902 John Collins
40%
Blocks 101 John Collins
40%
Steals 141 Rodney Hood
20%
Blocks 85 Jeff Withey
0%
No matching quizzes found
Score Distribution
Percent of People with Each Score
Percentile by Number Answered
Your Score History
You have not taken this quiz since the last reset